NBA Players Who Played With Shaq - Sudden Death - Statistics

General Stats
  • This quiz has been taken 239 times
  • The average score is 5 of 16
Answers on the Grid
Answers color-coded by a green-red scale on the quiz's grid according to % correct below.
Alonzo Mourning
Charles Barkley
Chris Bosh
Chris Webber
David West
Dennis Rodman
Dirk Nowitzki
Dwyane Wade
Eddie Jones
Gary Payton
Glen Rice
Horace Grant
Jason Kidd
Jermaine O'Neal
Karl Malone
Kevin Durant
Kevin Garnett
Kobe Bryant
Latrell Sprewell
LeBron James
Magic Johnson
Mitch Richmond
Pau Gasol
Paul Pierce
Penny Hardaway
Rasheed Wallace
Scottie Pippen
Shawn Marion
Stephon Marbury
Steve Nash
Tim Duncan
Tim Hardaway
 
Answer Stats
Answer % Correct
Dwyane Wade
61%
Kobe Bryant
61%
LeBron James
57%
Alonzo Mourning
56%
Penny Hardaway
42%
Gary Payton
40%
Paul Pierce
33%
Kevin Garnett
29%
Steve Nash
29%
Karl Malone
27%
Horace Grant
25%
Dennis Rodman
24%
Eddie Jones
20%
Glen Rice
18%
Jermaine O'Neal
10%
Mitch Richmond
4%
No matching quizzes found
Score Distribution
Percent of People with Each Score
Percentile by Number Answered
Your Score History
You have not taken this quiz